000 00963nam a2200253Ia 4500
003 OSt
005 20220923220226.0
006 a|||||r|||| 00| 0
007 ta
008 220922b |||||||| |||| 00| 0 hin d
024 _a185,238
037 _cTextual
040 _aARTS
_cARTS
_bhin
041 _2hin
_ahin
082 _aY:351.273, 152K9
100 _aपाण्डेय, वैद्य नाथ; शर्मा, राधा वल्लभ
_9164053
245 0 _aअंगिका संस्कार गीत
246 _aAangikā sanskār gīta
260 _aपटना
_b बिहार राष्ट्रभाषा परिषद्
_c1969
300 _a421 पृ.
_ccm.
650 _aभारतीय-लोक साहित्य
942 _hY:351.273, 152K9
_cTEXL
_2CC
999 _c338484
_d338484